Statystyki dla Dolicz jak najwyżej w 20 sekund

Kliknij tutaj aby rozwiązać quiz!

Ogólne statystyki

  • Ten quiz został rozwiązany 266 razy
    (249 od ostatniego zresetowania)
  • Średni wynik to 29 z 55

Statystyki odpowiedzi

Odpowiedź% Poprawnych
1
99%
2
99%
3
99%
4
96%
5
96%
7
95%
6
94%
8
94%
10
93%
9
93%
11
91%
12
90%
13
85%
17
84%
14
83%
15
83%
16
83%
19
83%
18
80%
20
77%
21
72%
22
72%
23
72%
24
70%
25
65%
26
61%
27
61%
29
60%
28
59%
30
52%
31
51%
32
50%
33
49%
34
38%
36
32%
35
30%
37
29%
38
28%
39
27%
41
22%
43
20%
40
18%
42
15%
44
11%
46
7%
45
6%
54
6%
47
5%
48
5%
50
5%
51
5%
55
5%
49
4%
52
4%
53
4%

Rozkład punktacji

Percentyl według liczby udzielonych odpowiedzi

Procent ludzi z każdym wynikiem

Twoja historia wyników

Nie rozwiązałeś tego quizu od ostatniego zresetowania